• 首页
  • 本馆介绍
  • 公告通知
  • 最新文献
  • 馆藏检索
  • 电子资源
  • 读者导购
  • 参考咨询
  • 我的图书馆
  • 登录
  • 详细信息显示
  • 放入我的书架
  • 预约/预借图书
  • 作者相关作品
  • 分类相关作品
  • 丛书相关作品
  • 出版社相关作品

书目信息

  • 表格格式
  • 工作单格式
  • 卡片格式
题名:
丘吉尔的秘密
    
 
作者: 德泽勒皮 著 ;徐耕才 译
分册:  
出版信息: 石家庄   河北人民出版社  1984
页数: 357页
开本: 21cm
丛书名:
单 册:
中图分类: D756.1
科图分类:
主题词: 政治--英国
电子资源:
ISBN:
000 00864nam0 2200253 45
001 0184012674
005 20050627160631.0
010    @dCNY0.82
091    @a3086.885
100    @a19950626d1984 em y0chiy0121 ea
101 1  @achi@cfre
102    @aCN@b130000
105    @ay z 000ay
200 10 @a丘吉尔的秘密@Aqiu ji er de mi mi@e滑向第三次世界大战的——1945年@EHua Xiang Di San Ci Shi Jie Da Zhan De——1945 Nian@f(比)E·N·德泽勒皮著@F(Bi)E·N·De Ze Le Pi Zhu@g徐耕才译
210    @a石家庄@c河北人民出版社@d1984
215    @a357页@d21cm
517    @a滑向第三次世界大战的——1945年@AHua Xiang Di San Ci Shi Jie Da Zhan De——1945 Nian
606 0  @a政治@y英国
690    @aD756.1@v3
701  0 @a德泽勒皮@4著
702  0 @a徐耕才@Axu geng cai@4译
801  0 @aCN@b上海图书馆@c20040425
801  2 @aCN@bNLC@c20040425
905    @dD756.1@e101@f1@b171413
    
    丘吉尔的秘密:滑向第三次世界大战的——1945年/(比)E·N·德泽勒皮著/徐耕才译.-石家庄:河北人民出版社,1984
    357页;21cm
    
    
    ISBN :CNY0.82
    
●
相关链接 在E读中查询图书 在五车中查询图书 在当当中查询图书 在豆瓣中查询图书


正题名:丘吉尔的秘密     索取号:D756.1/101         预约/预借

序号 登录号 条形码 馆藏地/架位号 状态 备注
1 0171409   001013824   密集书库/ [索取号:D756.1/101] 在馆    
2 0171410   001013780   密集书库/ [索取号:D756.1/101] 在馆    
3 0171411   001013799   密集书库/ [索取号:D756.1/101] 在馆    
4 0171412   001013806   第一借阅区/ [索取号:D756.1/101] 在馆    
唐山师范学院图书馆 欢迎您!
大连网信软件有限公司© 版权所有